000
00311nam a2200145Ia 4500
100
_a
Horngren/C.T
650
_a
Economics
942
_c
BK
654
_a
Accounting
245
_a
Cost Accounting
260
_b
Prentice Hall of India
_a
NewDelhi
_c
1973
082
_a
657.42
300
_a
788
546
_a
ENGLISH
999
_c
27213
_d
27213